La enfermedad infecciosa desde la Ilustración (Record no. 5751)
[ view plain ]
| 000 -LEADER | |
|---|---|
| campo de control de longitud fija | 00879nam a2200217 i 4500 |
| 001 - NÚMERO DE CONTROL | |
| campo de control | 5751 |
| 003 - IDENTIFICADOR DE NÚMERO DE CONTROL | |
| campo de control | ES-MaACL |
| 005 - FECHA Y HORA DE LA ÚLTIMA TRANSACCIÓN | |
| campo de control | 20230906144700.0 |
| 007 - CAMPO FIJO DE DESCRIPCIÓN FÍSICA--INFORMACIÓN GENERAL | |
| campo de control de longitud fija | t| |
| 008 - DATOS DE LONGITUD FIJA--INFORMACIÓN GENERAL | |
| campo de control de longitud fija | 890518s1989 sp a |||| | spa d |
| 080 ## - NÚMERO DE LA CLASIFICACIÓN DECIMAL UNIVERSAL | |
| Número de la Clasificación Decimal Universal | 614.4(46)"1720/1988" |
| 080 ## - NÚMERO DE LA CLASIFICACIÓN DECIMAL UNIVERSAL | |
| Número de la Clasificación Decimal Universal | 061.43(464.1)"1989" |
| 245 03 - MENCIÓN DEL TÍTULO | |
| Título | La enfermedad infecciosa desde la Ilustración |
| Resto del título | : [exposición, Madrid, 12 de febrero - 12 de marzo de 1989] / |
| Mención de responsabilidad, etc. | [proyecto y selección de textos, María Carmen Calleja Folguera]. |
| 260 ## - PUBLICACIÓN, DISTRIBUCIÓN, ETC. | |
| Lugar de publicación, distribución, etc. | Madrid : |
| Nombre del editor, distribuidor, etc. | Ministerio de Sanidad y Consumo : |
| -- | Instituto de Salud Carlos III, |
| Fecha de publicación, distribución, etc. | [1989] |
| 300 ## - DESCRIPCIÓN FÍSICA | |
| Extensión | 293 p. : |
| Otras características físicas | il. ; |
| Dimensiones | 24 cm. |
| 650 14 - PUNTO DE ACCESO ADICIONAL DE MATERIA--TÉRMINO DE MATERIA | |
| Término de materia o nombre geográfico como elemento de entrada | Enfermedades infecciosas- |
| Subdivisión de forma | Historia. |
| 9 (RLIN) | 167609 |
| 700 1# - ENTRADA AGREGADA--NOMBRE PERSONAL | |
| Nombre de persona | Calleja Folguera, María Carmen. |
| 9 (RLIN) | 33725 |
| 710 2# - ENTRADA AGREGADA--NOMBRE DE ENTIDAD CORPORATIVA | |
| Nombre de entidad corporativa o nombre de jurisdicción como elemento de entrada | Instituto de Salud Carlos III (Madrid) |
| 9 (RLIN) | 5004 |
| 710 1# - ENTRADA AGREGADA--NOMBRE DE ENTIDAD CORPORATIVA | |
| Nombre de entidad corporativa o nombre de jurisdicción como elemento de entrada | España. |
| Unidad subordinada | Ministerio de Salud y Consumo. |
| 9 (RLIN) | 3922 |
| 852 ## - LOCALIZACIÓN | |
| Ubicación | ES-MaACL |
| Número de control de estantería | L-12702 |
| Estatus retirado | Estado de pérdida | Estado de daño | No para préstamo | Biblioteca de origen | Biblioteca actual | Ubicación en estantería | Fecha de adquisición | Fuente de adquisición | Total de préstamos | Signatura topográfica completa | Código de barras | Visto por última vez | Precio de reemplazo | Tipo de ítem Koha |
|---|---|---|---|---|---|---|---|---|---|---|---|---|---|---|
| Biblioteca del Ateneo de Madrid | Biblioteca del Ateneo de Madrid | Depósito 2 | 17/01/2008 | L-12702 | 1005838 | 23/02/2023 | 23/02/2023 | Libro impreso |
